International Journal of Mobile Communications

Salvato in:
Dettagli Bibliografici
Natura: Periodico
Pubblicazione: Genève Inderscience Publishers
Tags: Aggiungi Tag
Nessun Tag, puoi essere il primo ad aggiungerne!!

MARC

LEADER 00000nas1a2200000 4500
001 0270015
005 20250701092135.0
022 |a 1741-5217 
022 |a 1470-949X 
044 |a GB 
245 1 0 |a International Journal of Mobile Communications 
264 1 |a Genève  |b Inderscience Publishers